| 000 | 00647nam a2200205 a 4500 | ||
|---|---|---|---|
| 005 | 20140310183415.0 | ||
| 008 | 070926s19uu xx 00 eng d | ||
| 020 | _a9789715845748 | ||
| 050 |
_aR 724 _b.Sa187 2008 |
||
| 100 | _aSambajon, Marvin Julian | ||
| 245 |
_aHealth Care Ethics : _ba college textbook for nursing, medicine, and other health care-related courses/ _cMarvin Julian L. Sambajon. |
||
| 260 |
_aPhilippines : _bC&E Publishing, Inc, _c2007. |
||
| 300 |
_a365 p. : _bill. ; _c21 cm. |
||
| 521 | _aNUR | ||
| 650 | _aHealth ethics. | ||
| 650 | _aMedical ethics. | ||
| 942 |
_cBK _2lcc _kLOC |
||
| 999 |
_c22563 _d22563 |
||